000 00720nam a22001817a 4500
005 20250114155026.0
010 _aHIN-129251
020 _a9789355431806
_c699.00
035 _aHN-101597
037 _bDBAD
082 _a921
100 _aबादल,राजेश
_976560
245 _aकहा तुम चले गए /
_bराजेश बादल
260 _aदिल्ली
_bकिताबवाला
_c2020
270 _a2356, हडसन लाइन , गुरु तेग बहदुर नगर,
_bदिल्ली
_e110009
_k9654444181
_mkitabwallah@gmail.com
300 _a242 पृ.
_c22 सेमी (सजिल्द )
942 _2ddc
_cHN
_h921
_mबादल
999 _c208485
_d208485